000 00529nam a2200193Ia 4500
005 20250324053822.0
008 240331s9999 xx 000 0 und d
020 _a8185425418
082 _a303
_bKHU
_21007
100 _aKhubchandani, L. M
245 0 _aLanguage Culture and Nation-Building:
_bChallenges of Modernisation
260 _aShimla,
_bIndian Institute of Advanced Study
_c1991
300 _axiii, 125 p.,
650 _aCulture
650 _aLanguage
650 _aHinduism
650 _aCommunication
942 _cL
999 _c1194
_d1194